|
|
|
|
| LEADER |
00832nab a2200217 i 4500 |
| 001 |
acta74882 |
| 005 |
20220404091956.0 |
| 008 |
220404s2021 hu o 0|| hun d |
| 022 |
|
|
|a 2062-708
|
| 024 |
7 |
|
|a 10.14232/tntef.2021.2.173-183
|2 doi
|
| 040 |
|
|
|a SZTE Egyetemi Kiadványok Repozitórium
|b hun
|
| 041 |
|
|
|a hun
|
| 100 |
1 |
|
|a Joó Mária
|
| 245 |
1 |
0 |
|a Hogyan lettem feminista?
|h [elektronikus dokumentum] /
|c Joó Mária
|
| 260 |
|
|
|a Társadalmi Nemek Tudománya Kutatócsoport, Angol-Amerikai Intézet, Szegedi Tudományegyetem
|b Szeged
|c 2021
|
| 300 |
|
|
|a 173-183
|
| 490 |
0 |
|
|a Társadalmi Nemek Tudománya Interdiszciplináris eFolyóirat
|v 11 No. 2
|
| 650 |
|
4 |
|a Társadalomtudományok
|
| 650 |
|
4 |
|a Szociológia
|
| 695 |
|
|
|a Feminizmus
|
| 856 |
4 |
0 |
|u http://acta.bibl.u-szeged.hu/74882/1/tntef_011_002_173-183.pdf
|z Dokumentum-elérés
|